<?xml version="1.0" encoding="UTF-8"?>
<collection xmlns="http://www.loc.gov/MARC21/slim">
<record>
  <controlfield tag="001">162349</controlfield>
  <controlfield tag="005">20251017144633.0</controlfield>
  <datafield tag="024" ind1="8" ind2=" ">
    <subfield code="2">sideral</subfield>
    <subfield code="a">130841</subfield>
  </datafield>
  <datafield tag="037" ind1=" " ind2=" ">
    <subfield code="a">ART-2018-130841</subfield>
  </datafield>
  <datafield tag="041" ind1=" " ind2=" ">
    <subfield code="a">spa</subfield>
  </datafield>
  <datafield tag="100" ind1=" " ind2=" ">
    <subfield code="a">Mérida Donoso, José Antonio</subfield>
    <subfield code="u">Universidad de Zaragoza</subfield>
    <subfield code="0">(orcid)0000-0001-7385-6772</subfield>
  </datafield>
  <datafield tag="245" ind1=" " ind2=" ">
    <subfield code="a">Educar en la libertad o en la obediencia. La disyuntiva de ayer y hoy desde un acercamiento a los problemas estructurales en la educación</subfield>
  </datafield>
  <datafield tag="260" ind1=" " ind2=" ">
    <subfield code="c">2018</subfield>
  </datafield>
  <datafield tag="506" ind1="0" ind2=" ">
    <subfield code="a">Access copy available to the general public</subfield>
    <subfield code="f">Unrestricted</subfield>
  </datafield>
  <datafield tag="520" ind1="3" ind2=" ">
    <subfield code="a">En 1985, la ley orgánica del 3 de Julio reguladora del derecho de la educación ponía las bases delo que posteriormente supondría la LOGSE 1/1990, el 3 de octubre. Según esta ley, como la mayoría de sus análogas europeas, el Sistema educativo deberá ofertar a los ciudadanos los elementos necesarios para aprender conceptos, principios, procedimientos y actitudes que les sirvan de base para desenvolverse en el mundo actual, lo que en sí supone un nuevo tipo de exigencias en contenidos relevantes que no están expresamente recogidos en las áreas del currículo, surgiendo así lo que se conoce por temas transversales, marco ideal para diseñar y programar aspectos del mundo actual: la educación moral y cívica, para la paz, para la salud y la educación sexual, en igualdad de oportunidades en ambos sexos, ambiental y en comunicación...</subfield>
  </datafield>
  <datafield tag="540" ind1=" " ind2=" ">
    <subfield code="9">info:eu-repo/semantics/openAccess</subfield>
    <subfield code="a">by-nc</subfield>
    <subfield code="u">https://creativecommons.org/licenses/by-nc/4.0/deed.es</subfield>
  </datafield>
  <datafield tag="655" ind1=" " ind2="4">
    <subfield code="a">info:eu-repo/semantics/article</subfield>
    <subfield code="v">info:eu-repo/semantics/publishedVersion</subfield>
  </datafield>
  <datafield tag="710" ind1="2" ind2=" ">
    <subfield code="1">4006</subfield>
    <subfield code="2">210</subfield>
    <subfield code="a">Universidad de Zaragoza</subfield>
    <subfield code="b">Dpto. Didác.Leng.y CC.HH.y SS.</subfield>
    <subfield code="c">Área Didáctica Ciencias Socia.</subfield>
  </datafield>
  <datafield tag="773" ind1=" " ind2=" ">
    <subfield code="g">169 (2018), [4 pp.]</subfield>
    <subfield code="t">Mientrastanto.e</subfield>
    <subfield code="x">2014-7317</subfield>
  </datafield>
  <datafield tag="856" ind1="4" ind2=" ">
    <subfield code="s">154805</subfield>
    <subfield code="u">http://zaguan.unizar.es/record/162349/files/texto_completo.pdf</subfield>
    <subfield code="y">Versión publicada</subfield>
  </datafield>
  <datafield tag="856" ind1="4" ind2=" ">
    <subfield code="s">2971721</subfield>
    <subfield code="u">http://zaguan.unizar.es/record/162349/files/texto_completo.jpg?subformat=icon</subfield>
    <subfield code="x">icon</subfield>
    <subfield code="y">Versión publicada</subfield>
  </datafield>
  <datafield tag="856" ind1="4" ind2="1">
    <subfield code="u">https://mientrastanto.org/boletin-169/ensayo/educar-en-la-libertad-o-en-la-obediencia/</subfield>
    <subfield code="z">Texto completo de la revista</subfield>
  </datafield>
  <datafield tag="909" ind1="C" ind2="O">
    <subfield code="o">oai:zaguan.unizar.es:162349</subfield>
    <subfield code="p">articulos</subfield>
    <subfield code="p">driver</subfield>
  </datafield>
  <datafield tag="951" ind1=" " ind2=" ">
    <subfield code="a">2025-10-17-14:27:36</subfield>
  </datafield>
  <datafield tag="980" ind1=" " ind2=" ">
    <subfield code="a">ARTICLE</subfield>
  </datafield>
</record>
</collection>